000 00921cam a2200253 a 4500
001 15540865
005 20241205115035.0
008 081202s2009 enka b 001 0 eng
020 _a9780521717403 (pbk.)
020 _a9780521888820
050 0 0 _aPE1133
_b.R55 2009
082 0 0 _a421/.5
_222
100 1 _aRoach, Peter
_q(Peter John)
245 1 0 _aEnglish phonetics and phonology :
_ba practical course /
_cPeter Roach.
250 _a4th ed.
260 _aCambridge ;
_aNew York :
_bCambridge University Press,
_c2009.
300 _axi, 231 p. :
_bill. (some col.) ;
_c26 cm. +
_e2 CD-ROM (4 3/4 inches)
500 _aINCLUDING INDEX
650 0 _aEnglish language
_xPhonetics.
650 0 _aEnglish language
_xPhonology.
650 0 _aEnglish language
_xStudy and teaching
_xForeign speakers.
856 4 2 _3Publisher description
_uhttp://www.loc.gov/catdir/enhancements/fy0905/2008052020-d.html
942 _2lcc
_cBK
_n0
999 _c1970
_d1970